000 01263nam a22003617a 4500
003 CHAP
005 20220329140100.0
008 971013s1977 r 00010 d
010 _a46724
011 _a47696
035 _a51839
040 _cCHAP
090 _aTesis
100 0 0 _aTirado Torres, Juan Luis.
_9113410
245 _aVariaciones en la concentración de N.P y K en hojas de aguacate (fuerte) por efecto de fertilización y estados fenológicos
260 _aChapingo, Méx. :
_bEl autor,
_c1977
300 _a63 h.
_b: gráfs.
502 _aTesis (Ing. Agr. Esp. en Suelos) -- ENA
590 _aALEPH
_b10
_c20130110
_lUCH01
_h1316
590 _aBATCH-UPD
_b10
_c20130110
_lUCH01
_h0132
590 _aBATCH-UPD
_b10
_c20130110
_lUCH01
_h2240
590 _aBATCH-UPD
_b10
_c20130410
_lUCH01
_h1534
590 _aBATCH-UPD
_b10
_c20130914
_lUCH01
_h1404
590 _aCONVERSION
_b10
_c20130109
_lUCH01
_h1326
650 1 4 _aFertilizantes para aguacate.
_940598
650 1 4 _aFósforo
_xEfecto en aguacate.
_942212
650 1 4 _aNitrógeno
_xEfecto en aguacate.
_981403
650 1 4 _aPotasio
_xEfecto en aguacate.
_991085
901 _aBK
942 _cFOLL
949 _bBC
_cTES
_d-115807
_eTS1
_i51839
_si
949 _bBC
_cTES
_d-115808
_eTS2
_fc.2
_i51839
_si
999 _c46724
_d46724